Online
Catalog
Normal view MARC view

Entry Nombre personal

Number of records used in: 37

001 - NÚMERO DE CONTROL

  • campo de control: 7565

003 - IDENTIFICADOR DEL NÚMERO DE CONTROL

  • campo de control: BNPHU

005 - FECHA Y HORA DE LA ÚLTIMA TRANSACCIÓN

  • campo de control: 20240422104514.0

008 - DATOS DE LONGITUD FIJA

  • campo de control de longitud fija: 200615|| aca||aabn | a|a d

040 ## - FUENTE DE LA CATALOGACIÓN

  • Centro catalogador/agencia de origen: DO-SdBNP
  • Lengua de catalogación: spa
  • Centro/agencia transcriptor: BNPHU
  • Normas de descripción: rda

100 1# - ENCABEZAMIENTO-NOMBRE DE PERSONA

  • Nombre de persona: Baeza Flores, Alberto,
  • Fechas asociadas al nombre: 1914-1998

370 ## - LUGAR ASOCIADO

  • Lugar de nacimiento: Santiago (Chile)
  • Lugar de fallecimiento: Miami (Fla.)

375 ## - GÉNERO/SEXO

  • Género/Sexo: Masculino

377 ## - LENGUA/LENGUAJE ASOCIADO

  • Código del idioma: spa

400 ## - TRAZADO DE VÉASE--NOMBRE DE PERSONA

  • Nombre de persona: Flores, Alberto Baeza,
  • Títulos y otros términos asociados al nombre: 1914-1998

400 ## - TRAZADO DE VÉASE--NOMBRE DE PERSONA

  • Nombre de persona: Baeza Flores, Alberto,
  • Fechas asociadas al nombre: 1914-1998

670 ## - FUENTE DE DATOS ENCONTRADOS

  • Cita de la fuente: Baeza Flores, Alberto, 1914-1998, Tres piezas de teatro hacia el mañana :, 1974.

670 ## - FUENTE DE DATOS ENCONTRADOS

  • Cita de la fuente: Ciervo vulnerado ... 1944.

Powered by Koha